00663nam a2200205 a 450000500170000000800410001704000250005804100080008308200190009110000200011024501030013026000620023330000180029565000190031365000180033265000210035065000420037165000190041365000250043220200104041519.0140226b1995 ||||| |||| 00| 0 eng d aCO-BoIAVHcCO-BoIAVH aeng04a343.0256bK19b1 aKate, Kerry ten10aBiopiracy or green petroleum?: bexpectations and best practice in bioprospecting.cKerry ten Kate aLondres:bOverseas Development Administration ODA,c1995. a61 p.c28 cm. 4aBiopiratería 4aHidrocarburos 4aBioprospección 4aConvenio sobre diversidad biológica 4aUso sostenible 4aRecursos genéticos